00330nam a2200121Ia 4500008004100000041000800041082001400049100001900063245004500082260004200127300003000169365000900199240624s9999 xx 000 0 und d aeng a658.8 HAL aHALLOWARD JOHN aGIMME THE HUMAN NATURE OF SUCCESSFUL MAR c2007aNew JerseybJohn Wiley and Sons axx, : 216 : p. : cm. ; 23 cb28